Holding back the lien share (Record no. 63494)

MARC details
000 -LEADER
fixed length control field 00574cam a2200193 4500
001 - CONTROL NUMBER
control field ABS62372
008 - FIXED-LENGTH DATA ELEMENTS--GENERAL INFORMATION
fixed length control field 000000n2000 000 0 eng u
035 ## - SYSTEM CONTROL NUMBER
System control number (Sirsi) u106014
100 ## - MAIN ENTRY--PERSONAL NAME
Personal name Colby, A.
245 ## - TITLE STATEMENT
Title Holding back the lien share
260 ## - PUBLICATION, DISTRIBUTION, ETC.
Date of publication, distribution, etc. 2000
490 ## - SERIES STATEMENT
Series statement Estates Gazette
Volume/sequential designation (0018) 6 May 2000, 148-142(2)
520 ## - SUMMARY, ETC.
Summary, etc. Discusses the impact electronic conveyancing will have on unpaid sellers equitable liens.
590 ## - LOCAL NOTE (RLIN)
Local note ABS
650 ## - SUBJECT ADDED ENTRY--TOPICAL TERM
Topical term or geographic name entry element CONVEYANCING
650 ## - SUBJECT ADDED ENTRY--TOPICAL TERM
Topical term or geographic name entry element EQUITABLE INTEREST
690 ## - LOCAL SUBJECT ADDED ENTRY--TOPICAL TERM (OCLC, RLIN)
Topical term or geographic name as entry element PROPERTY AND LAND LAW-CONVEYANCING
942 ## - ADDED ENTRY ELEMENTS (KOHA)
Suppress in OPAC 0
Holdings
Withdrawn status Lost status Source of classification or shelving scheme Damaged status Not for loan Home library Current library Shelving location Date acquired Total Checkouts Full call number Barcode Date last seen Copy number Price effective from Koha item type
    Dewey Decimal Classification     London London Journal article 18/05/2000   ABS62372 106014-1001 06/08/2019 1 06/08/2019 Journal article